00849nam a2200169 a 4500008004100000050001400041100000700055245005800062260004800120300001600168350000900184700001400193995017700207995014800384999001700532952013000549120416s1991 ||||||||||||||||| || u aS 496 Dev aDr10aDeveloping world agriculturecedited by Dr. A. Speedy aOxfordbGrosvenor Press Internationalc1991 a256p. : ill a0.00 aSpeedy, A aKAPASA MAKASA LIBRARY OPEN ACCESSD0.00e722714FCBU-KAPASA MAKASA LIBRARY (Chinsali)H2I8.95jS 496 DevM1UAVAILABLEy025555ZKapasa Makasa Library Open Acess Collection aMAIN LIBRARY OPEN ACCESSD0.00e722715FCBU-MAIN LIBRARY (Kitwe)H1I8.95jS 496 DevM2UAVAILABLEy025558ZMain Library Open Access Collection c63484d63484 00102lcc4070a001b001cMain Library Open Access Collectiond2022-12-24l0oS 496 Devp025558r2022-12-24w2022-12-24y002